000 01230nam a2200241Ia 4500
999 _c55861
_d55861
001 22959
003 GE_BSU
005 20230609122822.0
008 181216s ||||ge |||||||||||||| ||geo||
040 _cGE_BSU
041 _ageo
080 _a821.353.1(092) გ-92
100 _aგუგუშვული, მერი
_918586
245 _aთეიმურაზ პირველი :
_bშემოქმედებითი პორტრეტი /
_cმერი გუგუშვული ; რედ. ს. ცაიშვილი.
264 _aთბილისი :
_bმეცნიერება,
_c1981.
300 _a179 გვ. ;
_c 22 სმ.
541 _h2ლ.20თ.
653 _aთეიმურაზ პირველი
653 _aშემოქმედებითი პორტრეტი
700 _aცაიშვილი, ს.
_eრედაქტორი
_95572
710 _aსაქ. სსრ მეცნიერებათა აკადემია
_bშოთა რუსთაველის სახელობის ქართული ლიტერატურის ისტორიის ინსტიტუტი
_918587
942 _cBK
_2udc